000 00327nam a22001097a 4500
999 _c14059
_d14059
082 _a297.66
100 _aڈاکٹر محمد یٰسین مظہر صدیقی
245 _aنبی اکرم اور خواتین : ایک سماجی مطالعہ
260 _aلاہور
_bنشریات
_c2011
300 _aصفحات 234
942 _cBK